000 00737nab a2200217u 4500
001 21270
003 HDC
007 c| |||a|c|aaaa
008 210305b20110319my ||||o |||| 00| 0 eng d
040 _aHDC
245 0 _aCCM To Introduce 15 New Halal-Certified Products
336 _atext
_2rdacontent
337 _acomputer
_2rdamedia
338 _aonline resource
_2rdacarrier
650 _aChemical Company of Malaysia (CCM)
_918857
650 _ahalal-certified pharmaceutical products
_918858
856 _zRequest full-text at [email protected]
942 _2lcc
942 _cNEWS
942 _kNWS0 004917
999 _c18586
_d18586